00328 a2200109 450000500170000008200150001710000210003224500550005326000380010830000530014670000190019920250414151928.0 a658.84 BEA aBEAUMONT, J. A.  aJob Activity Guide I for Your Job in Distribution  aNew York, bMcGraw-Hill, c1968.  aiv, 155p., ill., table, figure, picture, c25CM. aLANGAN, K. H.